| 000 | 00423nam a2200181Ia 4500 | ||
|---|---|---|---|
| 005 | 20250423094809.0 | ||
| 008 | 250422s9999 xx 000 0 und d | ||
| 020 | _a9780007483914 | ||
| 050 | _aPC 2445 .C65/ | ||
| 245 | 0 | _aCollins french vocabulary | |
| 250 | _a2nd ed. | ||
| 260 | _aBritain | ||
| 260 | _bClays Ltd. | ||
| 260 | _c2012 | ||
| 300 | _a256 p | ||
| 650 | _aFrench language--Vocabulary. | ||
| 942 | _cBK | ||
| 999 |
_c28319 _d28319 |
||